[Event "ch-Commonwealth 2012"]
[Site "Chennai IND"]
[Date "2012.12.01"]
[Round "11"]
[White "Mohota, Nisha"]
[Black "Anuprita, Patil"]
[Result "1-0"]
[WhiteTitle "IM"]
[WhiteElo "2342"]
[BlackElo "2111"]
[WhiteFideId "5004330"]
[BlackFideId "5012635"]
[EventDate "2012.11.23"]

1. d4 d5 2. c4 c6 3. Nf3 Nf6 4. e3 e6 5. b3 Nbd7 6. Bb2 Bd6 7. Bd3 Qc7 8. Nbd2
O-O 9. O-O Re8 10. e4 dxe4 11. Nxe4 Be7 12. Re1 b6 13. Qe2 Bb7 14. Nfg5 h6 15.
Nxf7 Kxf7 16. Ng5+ hxg5 17. Qxe6+ Kf8 18. Bg6 Ne5 19. dxe5 Bb4 20. Qh3 Bxe1 21.
exf6 Bxf2+ 22. Kh1 Bh4 23. fxg7+ Kg8 24. Qf5 1-0